Disney Movies by Pictures of Home Exteriors - Statistics

General Stats
  • This quiz has been taken 112 times
  • The average score is 15 of 21
Answer Stats
Picture Answer % Correct
Mulan
99%
Beauty and the Beast
93%
Encanto
89%
Frozen
88%
Lilo & Stitch
88%
Tangled
86%
Moana
83%
Snow White
83%
Lady and the Tramp
82%
Hercules
75%
101 Dalmatians
69%
Alice in Wonderland
69%
Winnie the Pooh
69%
Peter Pan
68%
Princess and the Frog
64%
The Emperor's New Groove
64%
Wreck-It Ralph
60%
Sleeping Beauty
54%
Meet the Robinsons
49%
Big Hero 6
46%
The Aristocats
35%
No matching quizzes found
Score Distribution
Percent of People with Each Score
Percentile by Number Answered
Your Score History
You have not taken this quiz